000 01282cam a2200241 4500
001 L136731
008 070220n1923 000 0 eng u
035 _a(Sirsi) u136731
041 0 _aeng
050 0 4 _a729.28 $2 18
100 1 _aWaldram, Percy J.
245 0 4 _aThe Illuminating Engineer
260 _aLondon
_bIlluminating Engineering Publishing Company
_c1923
300 _a128p.
_c23cm.
490 4 _aThe Illuminating Engineer
_v16(4-5) April-May 1923
505 2 _aWindow design and the predetermination of daylight illumination -- The influence of daylight illumination of the use of artificial light -- Aids to daylight illumination -- Maxlume reflectors -- Palmer's publicity service -- Domestic lighting with gas -- Developments in miners' lamps -- Reviews of books and publications received -- A new system of stage lighting -- Acetylene lighting developments
520 _aSpecial issue containing Percy Waldram's paper and appendices presented at the Illuminating Engineering Society on 27 March 1923 and the dicussion that followed
651 4 _aUnited Kingdom
_y
690 _aBUILT ENVIRONMENT-BUILDING ELEMENTS-COMPLETE BUILDING SERVICES ELEMENTS-COMPLETE LIGHTING SYSTEMS
700 1 _aCaster, Leon
_eEditor
700 1 _aWaldram, J. M.
942 _n0
999 _c106491
_d106491